01638nam a22003977a 4500003000500000005001700005008004100022010001000063011001000073035001000083040000900093090001000102100004900112245022100161260004100382300002100423502009500444590003700539590004100576590004100617590004100658590004100699590004100740590004200781650003300823650003300856650004200889650004400931650003300975650003601008901000701044942001001051949003501061999001701096952012701113CHAP20250926062749.0971013s1978 r 00010 d a31930 a32902 a37017 cCHAP aTesis00aMartínez Márquez, José Antonio.972289 aEstudio de la relación entre producción y el cociente evapotranspiración, evaporación en el zacate estrella africana (Cynodon plectostachyus Pilger) a diferentes niveles de nigrógeno y frecuehncias de riego a(Monterrey, N.L.) :bEl autor,c1978 a84 h.b; gráfs aTesis (Ing. Agrónomo Zootecnista) -- ITESM. Div. de Ciencias Agropecuarias y Marítimas aALEPHb10c20130110lUCH01h1254 aBATCH-UPDb10c20130110lUCH01h0226 aBATCH-UPDb10c20130110lUCH01h0942 aBATCH-UPDb10c20130409lUCH01h2248 aBATCH-UPDb10c20130410lUCH01h1135 aBATCH-UPDb10c20130914lUCH01h1134 aCONVERSIONb10c20130109lUCH01h131817aCynodon nlemfuensis293079914aEvapotranspiración.93896814aNitrógenoxEfecto en pastos.98145517aPastos forrajerosxRendimiento298611814aPastosxIrrigación.98605414aPlantasxAgua requerida.988790 aBK cTESIS bBCcTESd-84982eTS1i37017si c31930d31930 00102local4051708TESISaBCbBCcPA_TESISd2012-12-17fTESISl0oTesisp-84982r2019-12-31 00:00:00w2019-12-31yTESIS